Statistics for Historical Leaders by Date #1

Click here to take the quiz!

General Stats

  • This quiz has been taken 25,692 times
  • The average score is 12 of 20

Answer Stats

CountryYearsAnswer% Correct
Cuba1961–2011Fidel Castro
95%
United States1961–1963John F. Kennedy
95%
South Africa1994–1999Nelson Mandela
93%
China1945–1976Mao Zedong
91%
France1799–1815Napoleon
87%
Germany2005–2021Angela Merkel
83%
Soviet Union1985–1991Mikhail Gorbachev
79%
Egypt51BC–30BCCleopatra
76%
England1558–1603Elizabeth I
69%
Frankish Empire768–814Charlemagne
61%
Turkey1923–1938Mustafa Kemal Atatürk
54%
Canada1968–1979Pierre Trudeau
49%
Scotland1306–1329Robert the Bruce
43%
Roman Empire37–41Caligula
39%
Judea37BC–4BCHerod the Great
37%
Austria-Hungary1848–1916Franz Joseph
30%
Byzantine Empire527–565Justinian
28%
Brazil2003–2011Lula da Silva
24%
Athens461BC–429BCPericles
20%
China1271–1294Kublai Khan
19%

Score Distribution

Percentile by Number Answered

Percent of People with Each Score

Your Score History

You have not taken this quiz